000 00522pab a2200169 454500
008 180718b2014 xxu||||| |||| 00| 0 eng d
100 _aBhavani, T.A.
245 _aFinancial access - measurement and determinants: a case study of unorganised manufacturing enterprises in India
260 _c2014
300 _ap.85-108.
362 _aJan-Jun
650 _aIndia - Manufacturing industries
650 _aManufacturing industry
700 _aBhanumurthy, N.R.
773 _aIndian Economic Review
909 _a112680
999 _c112675
_d112675